000 00844cab a2200229 4500
001 WB2336-23
008 090401t1987 xxu||||| |||| 00| 0 eng d
035 _a(Sirsi) u48262
041 _aeng
245 _aVictory boosts Scottish ratepayers
260 _c1987
350 _a0
490 _aEstates Times
_vno 910, 4/9/87 p1
520 _aNotes the recent LT decision concerning a large industrial property in Fife, which involved the contractor`s method of valuation and discussed whether the Spons Building Cost Index or the BCIS Tender Price Index was the right index to use in updating historical cost to achieve effective capital value .
650 _aDECAPITALISATION RATES
650 _aDISTILLERS CO
650 _aREVALUATION
650 _aSCOTLAND
690 _aRATING AND VALUATION
942 _n0
948 _c04/03/1997
999 _c30317
_d30317